Bounded Rationality in Decision Making Under Uncertainty: Towards Optimal Granularity

This book addresses an intriguing question: are our decisions rational? It explains seemingly irrational human decision-making behavior by taking into account our limited ability to process information. It also shows with several examples that optimization under granularity restriction leads to obse...

Πλήρης περιγραφή

Λεπτομέρειες βιβλιογραφικής εγγραφής
Κύριοι συγγραφείς: Lorkowski, Joe (Συγγραφέας, http://id.loc.gov/vocabulary/relators/aut), Kreinovich, Vladik (http://id.loc.gov/vocabulary/relators/aut)
Συγγραφή απο Οργανισμό/Αρχή: SpringerLink (Online service)
Μορφή: Ηλεκτρονική πηγή Ηλ. βιβλίο
Γλώσσα:English
Έκδοση: Cham : Springer International Publishing : Imprint: Springer, 2018.
Έκδοση:1st ed. 2018.
Σειρά:Studies in Systems, Decision and Control, 99
Θέματα:
Διαθέσιμο Online:Full Text via HEAL-Link
LEADER 03720nam a2200517 4500
001 978-3-319-62214-9
003 DE-He213
005 20191220130310.0
007 cr nn 008mamaa
008 170703s2018 gw | s |||| 0|eng d
020 |a 9783319622149  |9 978-3-319-62214-9 
024 7 |a 10.1007/978-3-319-62214-9  |2 doi 
040 |d GrThAP 
050 4 |a Q342 
072 7 |a UYQ  |2 bicssc 
072 7 |a TEC009000  |2 bisacsh 
072 7 |a UYQ  |2 thema 
082 0 4 |a 006.3  |2 23 
100 1 |a Lorkowski, Joe.  |e author.  |4 aut  |4 http://id.loc.gov/vocabulary/relators/aut 
245 1 0 |a Bounded Rationality in Decision Making Under Uncertainty: Towards Optimal Granularity   |h [electronic resource] /  |c by Joe Lorkowski, Vladik Kreinovich. 
250 |a 1st ed. 2018. 
264 1 |a Cham :  |b Springer International Publishing :  |b Imprint: Springer,  |c 2018. 
300 |a IX, 164 p.  |b online resource. 
336 |a text  |b txt  |2 rdacontent 
337 |a computer  |b c  |2 rdamedia 
338 |a online resource  |b cr  |2 rdacarrier 
347 |a text file  |b PDF  |2 rda 
490 1 |a Studies in Systems, Decision and Control,  |x 2198-4182 ;  |v 99 
505 0 |a Human Decisions Are Often Suboptimal: Phenomenon of Bounded Rationality -- Towards Explaining Other Aspects of Human Decision Making -- Towards Explaining Heuristic Techniques (Such as Fuzzy) in Expert Decision Making -- Decision Making Under Uncertainty and Restrictions on Computation Resources: From Heuristic to Optimal Techniques -- Conclusions and Future Work. 
520 |a This book addresses an intriguing question: are our decisions rational? It explains seemingly irrational human decision-making behavior by taking into account our limited ability to process information. It also shows with several examples that optimization under granularity restriction leads to observed human decision-making. Drawing on the Nobel-prize-winning studies by Kahneman and Tversky, researchers have found many examples of seemingly irrational decisions: e.g., we overestimate the probability of rare events. Our explanation is that since human abilities to process information are limited, we operate not with the exact values of relevant quantities, but with "granules" that contain these values. We show that optimization under such granularity indeed leads to observed human behavior. In particular, for the first time, we explain the mysterious empirical dependence of betting odds on actual probabilities. This book can be recommended to all students interested in human decision-making, to researchers whose work involves human decisions, and to practitioners who design and employ systems involving human decision-making -so that they can better utilize our ability to make decisions under uncertainty. 
650 0 |a Computational intelligence. 
650 0 |a Cognitive psychology. 
650 0 |a Artificial intelligence. 
650 1 4 |a Computational Intelligence.  |0 http://scigraph.springernature.com/things/product-market-codes/T11014 
650 2 4 |a Cognitive Psychology.  |0 http://scigraph.springernature.com/things/product-market-codes/Y20060 
650 2 4 |a Artificial Intelligence.  |0 http://scigraph.springernature.com/things/product-market-codes/I21000 
700 1 |a Kreinovich, Vladik.  |e author.  |4 aut  |4 http://id.loc.gov/vocabulary/relators/aut 
710 2 |a SpringerLink (Online service) 
773 0 |t Springer eBooks 
776 0 8 |i Printed edition:  |z 9783319622132 
776 0 8 |i Printed edition:  |z 9783319622156 
776 0 8 |i Printed edition:  |z 9783319872605 
830 0 |a Studies in Systems, Decision and Control,  |x 2198-4182 ;  |v 99 
856 4 0 |u https://doi.org/10.1007/978-3-319-62214-9  |z Full Text via HEAL-Link 
912 |a ZDB-2-ENG 
950 |a Engineering (Springer-11647)